000 00996nam#a22003495a#4500
001 799
245 1 0 _aAprendamos Tecnología 8 /
_cCristina Susana Bonardi, Gladys Isabel Ludueña.
250 _a1ª ed.
260 _aCórdoba :
_bComunic-arte,
_c2006.
300 _a176 p. :
_b28 cm.
490 0 _aAprendamos
020 _a9871151128
100 1 _aBonardi, Cristina Susana.
700 1 _aLudueña, Gladys Isabel.
080 _a004.3´14
084 _aB 72
653 _aEducación tecnológica
653 _aprocesos de la tecnología
653 _aAccionar tecnológico
653 _aOrganización y empresa
653 _aRecursos
653 _aEnergía
653 _aTransformaciones energéticas
653 _aTipos de energía
653 _aProducción de bienes y servicios
653 _aControl de calidad de servicios
040 _aAR-ClEAG
_cAR-ClEAG
008 081209s2006####xx#a###d#f####001#0#spa#d
005 20241107184648.0
003 AR-ClEAG
942 _cBK
999 _c799
_d799
980 _62
_aEvangelina Gallicchio
_82
_gEvangelina Gallicchio